000 01054nam a22003017a 4500
001 4831
003 FISKH
005 20241017111817.0
008 241017b cb ||||| |||| 00| 0 eng d
020 _a9780385386005
040 _aFISKH
_beng
_cFISKH
_dFISKH
050 _aPZ7.L8682
082 _a457
100 _aLook, Lenore
245 _aAlvin Ho: Allergic to Babies, Burglars, and Other Bumps in the Night
_cby Lenore Look : Picture by Leuyen Pham
250 _aFirst yearling Edition 2014
260 _aNew York :
_bRandom House ;
_c2013 .
300 _a183 pages :
_billustrations ;
_c20 cm .
490 _aAlvin Ho
_vBook 5
505 _aN
520 _aWhen fearful seven-year-old Alvin Ho learns that his mother is expecting a baby, he develops a sympathetic pregnancy--adding to his worry about the burglar who is targeting Concord, Massachusetts.
521 8 _a580
_bLexile
521 8 _aN
_bRaz-Plus
650 _afear
_vfiction
700 _aPham, LeUyen
_eillustrator
942 _2ddc
_cBK
_n0
999 _c4831
_d4831